000 00385nam a2200157Ia 4500
003 0STCL
008 150530s9999 xx 000 0 und d
040 _aSTCL
_cSTCL
100 _aUniversity of Madras
245 _aUniversity of Madras.1953-54 Vol III
260 _bUniversity of Madras
_c1954
546 _aEnglish
942 _2ddc
_cBK
999 _c15136
_d15136
005 20220125165725.0